000
00294nam a22001337a 4500
008
181009b xxu||||| |||| 00| 0 eng d
020
_a
9790520222822
041
_a
eng
080
_a
321
100
_a
19
101
_a
SHP
245
_a
The Ones that are Wanted
_c
Kratz, C.A
942
_2
udc
_c
BK
999
_c
49159
_d
49159